| 000 | 00781nam0a22002531 4500 | ||
|---|---|---|---|
| 001 | rc\215758 | ||
| 005 | 20250620234752.0 | ||
| 010 |
_a5-85066-082-8 _925000 |
||
| 035 | _a(NLR Aleph) 005464446 | ||
| 090 |
_a4986677 _c4986677 |
||
| 100 | _a20030307d1997 |||y0rusy50 ca | ||
| 101 | 0 | _arus | |
| 102 | _aRU | ||
| 105 | _aa ||||||||| | ||
| 200 | 1 |
_aТаблица умножения _e[Для дошк. и мл. шк. возраста] _fТим Собакин _gХудож. В. и С. |
|
| 210 |
_aМ. _cСамовар _d1997 |
||
| 215 |
_a31, [1] с. _cцв. ил. _d21 |
||
| 300 | _aНа обл. авт. не указан | ||
| 700 | 1 |
_aСобакин _bТ. _gТим |
|
| 801 | 0 |
_aRU _bNLR _gpsbo |
|
| 801 | 1 |
_aRU _bELAR _2rusmarc |
|
| 852 |
_aNLR _j2000-6/824 |
||
| 942 | _cBOOK | ||
| 980 | _aNB | ||